Egypt : a special issue of the Massachusetts review /

محفوظ في:

المؤلف الرئيسي: Stock, Raymond T. (مؤلف)

التنسيق: كتاب

اللغة: English

منشور في: Cairo : Amherst, 2002.

الموضوعات:

الوسوم: إضافة وسم

لا توجد وسوم, كن أول من يضع وسما على هذه التسجيلة!

رقم الطلب: DT53 .M5 2002

LEADER 00786nam a2200229Ia 4500
003 OSt
005 20260429093212.0
008 211223s2002 ua a b 000 0 eng d
040 |c ARCE Library 
050 4 |a DT53 .M5 2002 
100 1 |a Stock, Raymond T.,   |e author 
245 1 4 |a Egypt :   |b a special issue of the Massachusetts review /   |c guest edited by Raymond Stock. 
246 3 0 |a The Massachusetts review. Egypt. vol. xlii, no. 4. Egypt. 
264 1 |a Cairo :   |b Amherst,   |c 2002. 
300 |a 1 v. [239 p.] :   |b ill. (some col.) ;   |c 24 cm. 
500 |a "A special issue of the Massachusetts review" 
504 |a Includes bibliographical references. 
651 0 |a Egypt   |x History. 
651 0 |a Egypt   |x Social life and customs. 
901 |a reviewed 
942 |2 lcc  |c BK 
999 |c 41149  |d 41149